Principles of mathematical analysis
Guardat en:
| Autor principal: | |
|---|---|
| Format: | Llibre |
| Idioma: | anglès |
| Publicat: |
Ciudad de México
Novaro-México
1965
|
| Edició: | 2a. ed |
| Matèries: | |
| Etiquetes: |
Afegir etiqueta
Sense etiquetes, Sigues el primer a etiquetar aquest registre!
|
MARC
| LEADER | 00000nam a2200000 a 4500 | ||
|---|---|---|---|
| 001 | UCW0849 | ||
| 003 | CL-VaPUC | ||
| 008 | 891030e19650000MX |||||||||||||||||eng|d | ||
| 082 | 0 | 4 | |a 515 |b RUD |2 21 |
| 100 | 0 | |a Rudin, Walter |e author |9 304770 | |
| 245 | 1 | 0 | |a Principles of mathematical analysis |
| 250 | |a 2a. ed | ||
| 300 | |a 270 p | ||
| 942 | |c BK | ||
| 945 | |d 19891030 00:00:00 | ||
| 260 | |a Ciudad de México |b Novaro-México |c 1965 | ||
| 650 | 0 | |a Análisis matemático |9 260146 | |
| 583 | |a last modification |c 19891030 00:00:00 |k Rodrigo Vera | ||
| 999 | |c 215884 |d 215882 | ||
| 952 | |0 0 |1 0 |4 0 |6 515_000000000000000_RUD_1965 |7 0 |8 A |9 201069 |a BIBMAT |b BIBMAT |d 2019-11-14 |i 2682222 |o 515 RUD 1965 |p 2682222 |r 2025-01-07 |w 2019-11-14 |y BK |k MAT | ||